| 000 | 00616nam a22002297a 4500 | ||
|---|---|---|---|
| 003 | UA-OsUOA | ||
| 001 | 42058 | ||
| 007 | ta | ||
| 008 | 20081117b un ||||| |||| 00| 0 ukr d | ||
| 100 | _aМіненко Тимофій | ||
| 090 |
_a281.9 _bМ71 |
||
| 942 | _cBR | ||
| 040 |
_aUA-OsUOA _bukr _cUA-OsUOA _dUA-OsUOA |
||
| 245 | _aПарафіяльний учтрій нашої церкви | ||
| 300 | _a16 с. | ||
| 955 | _a4 | ||
| 041 | _aukr | ||
| 080 | _a281.9 | ||
| 260 |
_aВінніпег _c1984 |
||
| 650 | 7 |
_a281.9 Східна православна церква і скопці _2UDC |
|
| 999 |
_c440557 _d440557 |
||